Insignificant events in the life of a cactus / (Record no. 13940)

000 -LEADER
fixed length control field 00980cam a2200265 i 4500
020 ## - ISBN
ISBN 9781338263428
020 ## - ISBN
ISBN 9781454923459
082 00 - DEWEY DECIMAL CLASSIFICATION NUMBER
Classification number Fic B682 2017
100 1# - MAIN ENTRY--PERSONAL NAME
Personal name Bowling, Dusti.
245 10 - TITLE STATEMENT
Title Insignificant events in the life of a cactus /
Statement of responsibility, etc. by Dusti Bowling.
260 ## - PUBLICATION, DISTRIBUTION, ETC. (IMPRINT)
Place of publication, distribution, etc. New York :
Name of publisher, distributor, etc. Sterling Children's Books,
Date of publication, distribution, etc. c2017.
300 ## - PHYSICAL DESCRIPTION
Extent/Page number 262 pages ;
Dimensions 20 cm
337 ## - MEDIA TYPE
Media type term unmediated
Media type code n
520 ## - SUMMARY, ETC.
Summary, etc. New friends and a mystery help Aven, thirteen, adjust to middle school and life at a dying western theme park in a new state, where her being born armless presents many challenges.
526 ## - STUDY PROGRAM INFORMATION NOTE
PROGRAM TYPE FICTION
650 #1 - SUBJECT ADDED ENTRY--TOPICAL TERM
Topical term or geographic name as entry element People with disabilities--Fiction.
650 #1 - SUBJECT ADDED ENTRY--TOPICAL TERM
Topical term or geographic name as entry element Amusement parks--Fiction.
650 #1 - SUBJECT ADDED ENTRY--TOPICAL TERM
Topical term or geographic name as entry element Friendship--Fiction.
650 #1 - SUBJECT ADDED ENTRY--TOPICAL TERM
Topical term or geographic name as entry element Adoption--Fiction.
650 #1 - SUBJECT ADDED ENTRY--TOPICAL TERM
Topical term or geographic name as entry element Tourette syndrome--Fiction.
650 #1 - SUBJECT ADDED ENTRY--TOPICAL TERM
Topical term or geographic name as entry element Overweight persons--Fiction.
650 #1 - SUBJECT ADDED ENTRY--TOPICAL TERM
Topical term or geographic name as entry element Moving (Households)--Fiction.
650 #1 - SUBJECT ADDED ENTRY--TOPICAL TERM
Topical term or geographic name as entry element Mystery and detective stories.
942 ## - ADDED ENTRY ELEMENTS
Classification
Item type Book
Holdings
Withdrawn status Lost status Source of classification or shelving scheme Damaged status Not for loan Collection code Permanent Location Current Location Shelving location Date acquired Source of acquisition Inventory number Full call number Barcode Date last seen Copy number Price effective from Item type
          Fiction High School Library High School Library DEAR 2025-12-09 Scholastic 8324 Fic B682 2017 c.1 HS8324 2026-02-09 1 2025-12-09 Book
          Fiction High School Library High School Library DEAR 2025-12-09 Scholastic 8325 Fic B682 2017 c.2 HS8325 2026-02-09 2 2025-12-09 Book
          Fiction High School Library High School Library DEAR 2025-12-09 Scholastic 8326 Fic B682 2017 c.3 HS8326 2026-02-09 3 2025-12-09 Book
          Fiction High School Library High School Library DEAR 2025-12-09 Scholastic 8327 Fic B682 2017 c.4 HS8327 2026-02-09 4 2025-12-09 Book